|
|
|
|
| LEADER |
00828nam a2200217 a 4500 |
| 001 |
c000300257 |
| 003 |
CARM |
| 005 |
20061111043338.0 |
| 008 |
731212s1966 txua b 000 0 eng |
| 019 |
1 |
|
|a 23058173
|z 654976
|5 LACONCORD2021
|
| 035 |
|
|
|a (OCoLC)230110
|5 LACONCORD2021
|
| 082 |
0 |
0 |
|a 576.164
|
| 100 |
1 |
|
|a Sharpley, J. Miles
|q (John Miles).
|
| 245 |
1 |
0 |
|a Elementary petroleum microbiology /
|c by J. M. Sharpley.
|
| 260 |
|
|
|a Houston, Tex :
|b Gulf Pub. Co.,
|c [1966]
|
| 300 |
|
|
|a vi, 256 p. :
|b illus ;
|c 24 cm.
|
| 504 |
|
|
|a Bibliography: p. 241-248.
|
| 650 |
|
0 |
|a Petroleum
|x Microbiology.
|
| 852 |
8 |
|
|b CARM
|h A3:AD25B0
|i B11353
|p 0550470
|f BK
|
| 999 |
f |
f |
|i 81233bab-4b13-5e27-bf1c-4a0e59428247
|s 83bcd053-a032-532c-b25a-d0fb6bc92bfa
|
| 952 |
f |
f |
|p Can circulate
|a CAVAL
|b CAVAL
|c CAVAL
|d CARM 1 Store
|e B11353
|f A3:AD25B0
|h Other scheme
|i book
|m 0550470
|